00801nam a22001697a 450000500170000000800410001702000180005805000180007610000180009424500610011225000120017326000470018530000290023250000200026150503330028170000170061420230621125324.0230616b ||||| |||| 00| 0 eng d a9780198729648 aKD750.H44(3e) aHeenan, Susan aConcentrate: Family law. /cSusan Heenan and Anna Heenan a3rd ed. aNew York:bOxford University Press,c2015. axiv, 185 p. A16:c23 cm. aIncludes index. aContents: Family relationships, marriage, civil partnership, cohabitation -- Nullity -- Divorce, dissolution, and judicial separation -- Domestic violence -- Financial provision on divorce or dissolution -- The children Act-the private law -- The children Act- the public law -- Adoption -- International parent-child abduction. aHeena, Anna.